| 000 | 00651nam a2200169 a 4500 | ||
|---|---|---|---|
| 005 | 20140412111251.0 | ||
| 008 | 000824s19uu xx 00 eng d | ||
| 020 | _a0-670-85804-8 | ||
| 050 |
_aM 152.14 _bB36 1995 |
||
| 100 | _aBanyai, Istvan | ||
| 245 | _aZoom /. | ||
| 260 |
_aNew York : _bPuffin Books, _c1995. |
||
| 300 | _a1 v. (unp.) ; ill. | ||
| 520 | _aA wordless picture books presents a series of scene, each one of from farther away, showing, for example, a girl playing with toys which is actually a picture on a magazine cover, which is part of a sign on a bus, and so on. | ||
| 650 | _aVisual perception-illusions. | ||
| 999 |
_c103163 _d103163 |
||